|
|
|
|
| LEADER |
01168nam a2200313 a 4500 |
| 001 |
38617 |
| 003 |
BD-DhAAL |
| 005 |
20220731154411.0 |
| 008 |
220731t1994 nyuab b 001 0 eng d |
| 999 |
|
|
|c 44695
|d 44695
|
| 010 |
|
|
|a 93044001
|
| 020 |
|
|
|a 067165991X :
|c $35.00
|
| 020 |
|
|
|a 0671510991
|
| 040 |
|
|
|a DLC
|c DLC
|d DLC
|d BD-DhAAL
|
| 043 |
|
|
|a n-us---
|
| 050 |
0 |
0 |
|a JX1662
|b .K57 1994
|
| 082 |
0 |
0 |
|a 327.73
|2 20
|
| 100 |
1 |
|
|a Kissinger, Henry,
|d 1923-
|9 50455
|
| 245 |
1 |
0 |
|a Diplomacy /
|c Henry Kissinger.
|
| 260 |
|
|
|a New York :
|b Simon & Schuster,
|c c1994.
|
| 300 |
|
|
|a 912 pages :
|b illustrations, maps ;
|c 25 cm.
|
| 504 |
|
|
|a Includes bibliographical references (pages 837-872) and index.
|
| 541 |
|
|
|a Donated By Akbar Ali Khan
|e 38617
|
| 650 |
|
0 |
|a Diplomacy.
|9 50456
|
| 651 |
|
0 |
|a United States
|x Foreign relations administration.
|9 50457
|
| 651 |
|
0 |
|a United States
|x Politics and government.
|9 50458
|
| 852 |
|
|
|a Ayesha Abed Library
|c Akbar Ali Khan Collection
|
| 942 |
|
|
|2 ddc
|c BK
|
| 952 |
|
|
|0 0
|1 0
|2 ddc
|4 0
|6 327_730000000000000_KIS
|7 1
|9 71416
|a BRACUL
|b BRACUL
|c AAKC
|d 2022-07-31
|e Donated by Akbar Ali Khan
|l 0
|o 327.73 KIS
|p 3010038617
|r 2022-07-31
|t 1
|w 2022-07-31
|y BK
|